| 000 | 00913cam a2200277 i 4500 | ||
|---|---|---|---|
| 999 |
_c118402 _d118402 |
||
| 001 | 17404489 | ||
| 005 | 20200909162023.0 | ||
| 008 | 120727s2014 at b 001 0 eng | ||
| 020 | _a1133936792 | ||
| 020 | _a9781133936794 | ||
| 040 | _cPK-LaUMT | ||
| 082 | 0 | 4 |
_a378.12 _223 _bSVI-M |
| 100 | 1 | _aSvinicki, Marilla D. | |
| 245 | 1 | 0 |
_aMcKeachie's teaching tips : _bstrategies, research, and theory for college and university teachers / _cby Marilla D. Svinicki & Wilbert J. McKeachie ; with chapters by David Nicol [and 9 others] |
| 250 | _a4th ed. | ||
| 260 |
_aBelmont : _bWadsworth, _c2014 |
||
| 300 |
_axxiii, 392 p. ; _c20 cm |
||
| 500 | _aRevised edition: 2006. | ||
| 650 | 0 | _aCollege teaching. | |
| 650 | 0 | _aFirst year teachers. | |
| 650 | 7 | _aCollege teaching. | |
| 650 | 7 | _aFirst year teachers. | |
| 700 | 1 | _aMcKeachie, Wilbert James, | |
| 700 | 1 | _aMcKeachie, Wilbert James, | |
| 942 | _cBK | ||